000 00443nam a2200181Ia 4500
008 240925s9999 xx 000 0 und d
020 _aNA
082 _a796.44 HAM
100 _aHammond ,Walter R.
245 0 _aCricket My World
250 _aNA
260 _aLondon:
_bStanley Paul & Co
_cNA
300 _a76p.
_bN.A
_fOriginal
500 _aNA
600 _aHumanities & Natural Science
650 _aArts and Recreation
942 _cBK
999 _c12046
_d12046